Láska a tanec smrti /

Hlavní autor: Djebar, Assia, 1936-2015
Další autoři: Krššáková, Elena, 1946-
Jazyk: Slovenština
Vydáno: Bratislava : Tatran, 1989
Vydání: 1. vyd.
Edice: LUK (Tatran)
Fyzický popis: 244 s.
Knihy
Uloženo v:
LEADER 00866nam a2200253 a 4500
001 000337695
003 CZ BrMZK
005 20220920114501.0
007 ta
008 980105s1989 xo f slo d
040 |a BOA001  |b cze 
080 |a 892.7(65)-311.6=854  |2 MRF 
100 1 |a Djebar, Assia,  |d 1936-2015  |7 jo20000073839  |4 aut 
245 1 0 |a Láska a tanec smrti /  |c Assija Djebarová ; Z franc. orig. prel. a dosl. napís. Elena Krššáková 
250 |a 1. vyd. 
260 |a Bratislava :  |b Tatran,  |c 1989 
300 |a 244 s. 
490 1 |a Luk, knižnica modernej svetovej prózy ;  |v zv. 136 
700 1 |a Krššáková, Elena,  |d 1946-  |7 ola2002151762  |4 trl 
765 0 |t L'amour, la fantasia 
830 0 |a LUK (Tatran) 
910 |a BOA001  |b 2-0946.750 
990 |a BK 
996 7 |b 2619824515  |c 2-0946.750  |l MZK  |r Sklad / do 1 hodiny  |n 11  |w 000337695  |u 000010  |a 1  |e BOA001  |j MZK50  |s A